عرض عادي
عرض مارك
- Wind tunnel testing.
مدخل مصطلح موضوعي
001 - رقم الضبط
- حقل الضبط: 44713
003 - معرف رقم الضبط
- حقل الضبط: OSt
005 - تاريخ ووقت أخر عملية
- حقل الضبط: 20140511171743.0
008 - عناصر بيانات ثابتة الطول
- حقل تحكم ثابت الطول: 140511|||a|||||| | ||| d
040 ## - مصدر الفهرسة
- هيئة الفهرسة الأصلية: OSt
- وكالة الكتابة: OSt
150 ## - مدخل-- مصطلح تاريخي
- عنصر مدخل المصطلح الموضوعي او الاسم الجغرافي: Wind tunnel testing.
670 ## - بيانات المصدر موجوده
- الاستشهاد بالمصدر: Work cat.: (OSt)0: Irwin, Peter 44710, Wind tunnel testing of high-rise buildings :, 2013.
